000 00504nam a2200169Ia 4500
003 IN-BaIIA
008 211028s9999 xx 000 0 eng d
040 _cIIA Library
080 _a770
_bMON
100 _aMonckhoven, D. V.
_92068
245 0 _aTraite de photographie (in French)
_cD. V. Monckhoven
260 _aParis
_bGeorges Masson
_c1873
300 _axvi, 400p.
650 _aAstronomy and Astrophysics thesaurus
650 _aPhotography
_92069
942 _cBK
999 _c962
_d962